| 000 | 00000nam 2200000zi 4500 |
| 001 | 9.938181 |
| 003 | CaOODSP |
| 005 | 20240719105300 |
| 006 | m o d f |
| 007 | cr |n||||||||| |
| 008 | 240513e202406 oncab ob f000 0 fre d |
| 020 | |a9780660719078 |
| 040 | |aCaOODSP|bfre|erda|cCaOODSP |
| 043 | |an-cn--- |
| 086 | 1 |aFs70-6/2024-038F-PDF |
| 245 | 00|aRecensement des écosystèmes marins vulnérables des monts sous-marins dans la zone de la Convention de la Commission des pêches du Pacifique Nord au moyen de relevés visuels et de modèles de répartition. |
| 264 | 1|aOttawa : |bSecrétariat canadien de consultation scientifique, |cjuin 2024. |
| 264 | 4|c©2024 |
| 300 | |a1 ressource en ligne (18 pages) : |bcartes, illustrations. |
| 336 | |atexte|btxt|2rdacontent/fre |
| 337 | |ainformatique|bc|2rdamedia/fre |
| 338 | |aressource en ligne|bcr|2rdacarrier/fre |
| 490 | 1 |aAvis scientifique, |x1919-5117 ; |v2024/038 |
| 500 | |aPublié aussi en anglais sous le titre : Identification of vulnerable marine ecosystems on seamounts in the North Pacific Fisheries Commission Convention area using visual surveys and distribution models. |
| 504 | |aComprend des références bibliographiques (pages 16-17). |
| 650 | 6|aMonts sous-marins|zPacifique Nord. |
| 650 | 6|aÉcosystèmes marins|xSanté|zPacifique Nord. |
| 710 | 2 |aSecrétariat canadien de consultation scientifique, |eorganisme de publication. |
| 710 | 1 |aCanada. |bMinistère des pêches et des océans. |bRégion du Pacifique, |eorganisme de publication. |
| 775 | 08|tIdentification of vulnerable marine ecosystems on seamounts in the North Pacific Fisheries Commission Convention area using visual surveys and distribution models.|w(CaOODSP)9.938177 |
| 830 | #0|aAvis scientifique (Secrétariat canadien de consultation scientifique)|v2024/038.|w(CaOODSP)9.502624 |
| 856 | 40|qPDF|s1.37 Mo|uhttps://publications.gc.ca/collections/collection_2024/mpo-dfo/fs70-6/Fs70-6-2024-038-fra.pdf |